000
00317nam a2200133Ia 4500
005
20251222144748.0
008
251222s9999||||xx |||||||||||||| ||spa||
020
_a
84-7133-733-9
082
_a
371.2/C25
100
_a
Cano, Elena
245
0
_a
Organización, Calidad y Diversidad
264
_b
Muralla
942
_c
LIB
999
_c
19242
_d
19242